1631 1698 1350 1343 1150 1674 1321 1352 1112 1250 1092 1088 1559 1341 1417 1407 1243 1062 1361 1533 1732 1522 1619 1617 1307 1381 1891 1151 1447 1640 1117 1913 1153 1955 1380 1026 1695 1165 1423 1045 1650 1130 1897 1991 1775 1207 1679 1253 1094 1347 1697 1586 1923 1705 1533 1076 1177 1724 1488 1416 1345 1155 1744 1856 1617 1312 1576 1705 1650 1845 1160 1366 1127 1410 1805 1879 1451 1174 1442 1032 1233 1372 1243 1308 1486 1076 1073 1984 1534 1818 1220 1489 1731 1865 1694 1232 1242 1736 1681 BCNSPRNW ULIB Ver.6.0+V

เปลี่ยนเป็นภาษาไทย

Change to English
 แสดงรายละเอียดบรรณานุกรม
  กลับหน้าหลัก

Brief Record : Get Marc (ISO 2709) : E-mail record : QR code < ปิดหน้าต่าง
LEADER : 00000nam 2200000uu 4500
001    13399125706
003     ULIB
008    170716s2559||||th 000 0 tha d
020    ^a9786167785332
060  0 ^aWB327^bน152ส
100 0  ^aนที วารีกิจพันธุ์
245 00 ^aสุขภาพดีง่ายมากๆ /^cนที วารีกิจพันธุ์
260    ^aกรุงเทพฯ :^bเดอะ ชีนนิธ อินเตอร์บุ๊ก,^c2559
300    ^a176 หน้า ;^c21 ซม.
650  0 ^aสุขภาพ
945    ^p180^l0^i25277
999    ^aกัณชพร จุลอักษร
รายการนี้ยังไม่มีแท็ก
คุณยังไม่ได้ล็อกอิน คุณสามารถมีกิจกรรมร่วมกับเว็บไซต์ได้ แต่ต้องล็อกอินก่อน ::
  ล็อกอิน

รายการสื่อสารสนเทศ

ลำดับที่ ประเภท เลขเรียก/บาร์โค้ด สถานที่ สถานะ
1. วิทยาศาสตร์การแพทย์ และสุขภาพ
วิทยาศาสตร์การแพทย์ และสุขภาพ
สถานะ=หนังสือเก่า
WB327 น152ส ฉ.1 
  Barcode: 25277
ห้องสมุดวิทยาเขตนครสวรรค์
►ส่วนจัดเก็บหนังสือเก่า นว.
บนชั้น
  ขอยืม

รายการใกล้เคียง
    ผู้แต่ง [นที วารีกิจพันธุ์]

    หัวเรื่อง [สุขภาพ]

BibComment


ยังไม่เคยถูกคอมเมนท์

คอมเมนท์ทรัพยากรรายการนี้
  คอมเมนท์: สุขภาพดีง่ายมากๆ..


 Copyright 2026. Bcnsprnw @Library